Toutes les équipes ayant participé au Championnat d'Europe - UEFA EURO - Statistiques

Statistiques générales
  • Ce quiz a été pris 107 fois
  • Le résultat moyen est 36 sur 41
Statistiques - réponses
Réponse % Correct
Italie
100%
Portugal
100%
Angleterre
100%
Espagne
100%
France
99%
Allemagne
98%
Irlande
98%
Hongrie
96%
Suisse
96%
Belgique
95%
Pays-Bas
94%
Croatie
93%
Suède
93%
Danemark
92%
Autriche
92%
Finlande
92%
Russie
92%
Ukraine
92%
Roumanie
90%
Écosse
90%
Serbie
90%
Turquie
90%
Pays de Galles
90%
Grèce
89%
Pologne
89%
Slovaquie
89%
Slovénie
89%
Albanie
88%
Tchéquie
88%
Lettonie
87%
Norvège
87%
Islande
86%
Irlande du Nord
84%
Macédoine du Nord
83%
Bulgarie
81%
Union Soviétique
76%
Géorgie
75%
Yougoslavie
71%
Tchécoslovaquie
64%
RFA
54%
CEI
19%
Aucun quiz correspondant
Distribution des résultats
% des personnes avec chaque résultat
Percentile par nombre de réponses
Votre historique - résultats
Vous n’avez pas pris ce quiz